01121cam a22002891 4500001001300000003000400013005001700017008004100034010001700075035002000092040004900112042001200161043001200173050003000185100001900215245021300234260002200447300002500469490007000494500001700564650003700581650002500618700003400643740005900677810007800736999001700814e 52000064 DLC20260227111235.0840817s1951 kyu 100 0 eng c ae 52000064  a(OCoLC)11066283 aU.S. Office of Education. LibrarycDNIEdDLC apremarc an-us-ky00aL152b.B35 vol. 19, no. 51 aCombs, Louise.00aReporting on a 1950 fall conference, Fourth District Education Association, Elizabethtown, Kentucky.bTheme: Better schools through improved home-school relations.c[Prepared by Louise Combs and Nona Burress. aFrankfort,c1951] a[223]-289 p.c23 cm.1 aKentucky. Dept. of Education. Educational bulletin,vv. 19, no. 5 aCover title. 0aTeachersxTraining ofzKentucky. 0aEducationzKentucky.1 aBurress, Nona,ejoint author.0 aBetter schools through improved home-school relations.10aKentucky.bDepartment of Education.tEducational bulletin,vv. 19, no. 5. c22184d22184